[Event "Angouleme Lallemand Memorial op"]
[Site "Angouleme"]
[Date "2018.06.09"]
[Round "1"]
[White "Swiercz, Sarah"]
[Black "Dornbusch, Tatiana"]
[Result "1-0"]
[WhiteElo "1452"]
[BlackElo "2283"]
[PlyCount "96"]
[EventDate "2018.06.09"]
[EventType "swiss (rapid)"]
[EventRounds "9"]
[EventCountry "FRA"]
[SourceTitle "CBM 184 Extra"]
[Source "ChessBase"]
[SourceDate "2018.06.28"]
[SourceVersion "1"]
[SourceVersionDate "2018.06.28"]
[SourceQuality "1"]

1. e4 Nf6 2. Nc3 d5 3. e5 d4 4. exf6 dxc3 5. fxg7 cxd2+ 6. Qxd2 Qxd2+ 7. Bxd2 Bxg7 8. 0-0-0 0-0 9. Bc4 Nc6 10. Bf4 e5 11. Bg5 Bf5 12. Ne2 h6 13. Bh4 Nd4 14. Ng3 Bg6 15. Bd3 Bxd3 16. Rxd3 f5 17. Re1 Rf7 18. Nh5 Bh8 19. c3 Ne6 20. Red1 Raf8 21. Rd7 Rxd7 22. Rxd7 Rf7 23. Rxf7 Kxf7 24. Kd2 Kg6 25. Ng3 Nf4 26. Bd8 c6 27. h4 h5 28. Nf1 Nxg2 29. Ne3 Nxe3 30. Kxe3 Bf6 31. Bxf6 Kxf6 32. f3 Ke6 33. c4 a5 34. a3 Kd6 35. b4 axb4 36. axb4 b5 37. Kd3 Kc7 38. c5 Kd7 39. Ke3 Ke6 40. f4 exf4+ 41. Kxf4 Kf6 42. Kf3 Ke5 43. Ke3 f4+ 44. Kf3 Kf5 45. Ke2 Kg4 46. Kf2 Kxh4 47. Kf3 Kg5 48. Kg2 Kg4 1-0

[Event "FRA-ch U20 Girls"]
[Site "La Roche sur Yon"]
[Date "2008.04.21"]
[Round "1"]
[White "Swiercz, Sarah"]
[Black "Choisy, Mathilde"]
[Result "0-1"]
[WhiteElo "1420"]
[BlackElo "2094"]
[PlyCount "106"]
[EventDate "2008.04.21"]
[EventType "tourn"]
[EventRounds "9"]
[EventCountry "FRA"]
[SourceTitle "EXT 2010"]
[Source "ChessBase"]
[SourceDate "2010.11.25"]
[SourceVersion "1"]
[SourceVersionDate "2010.11.25"]
[SourceQuality "1"]

1. e4 c5 2. Nf3 Nc6 3. d4 cxd4 4. Nxd4 Nf6 5. Nc3 e5 6. Ndb5 d6 7. Bg5 a6 8. Na3 b5 9. Nd5 Be7 10. Nxe7 Nxe7 11. Bxf6 gxf6 12. Bd3 Rg8 13. g3 Bb7 14. 0-0 Qd7 15. Qf3 f5 16. c3 d5 17. exd5 e4 18. Bxe4 fxe4 19. Qxe4 Qxd5 20. Qxd5 Bxd5 21. Rfe1 Rg6 22. Nc2 Re6 23. Ne3 Rd8 24. Nxd5 Rxd5 25. Rxe6 fxe6 26. Re1 Kf7 27. b3 Rd2 28. a4 Rb2 29. axb5 axb5 30. b4 Nd5 31. Ra1 Nxc3 32. Ra7+ Kf6 33. Rxh7 Rxb4 34. Rh6+ Ke5 35. h4 Rb1+ 36. Kg2 b4 37. h5 b3 38. Rh8 Ne4 39. Kf3 b2 40. Rb8 Nd2+ 41. Kg4 Nc4 42. f4+ Kf6 43. Rf8+ Kg7 44. Rb8 Rh1 45. Kg5 b1Q 46. Rxb1 Rxb1 47. h6+ Kh7 48. g4 Rh1 49. Kf6 Rxh6+ 50. Kf7 Rh4 51. f5 exf5 52. gxf5 Nd6+ 53. Ke6 Nxf5 0-1

[Event "FRA-ch U18 Girls"]
[Site "Le Grand Bornand"]
[Date "2007.04.14"]
[Round "8"]
[White "Des Bouillons, Pauline"]
[Black "Swiercz, Sarah"]
[Result "1-0"]
[WhiteElo "1618"]
[BlackElo "1380"]
[PlyCount "79"]
[EventDate "2007.04.07"]
[EventType "swiss"]
[EventRounds "9"]
[EventCountry "FRA"]
[SourceTitle "CBM 118 Extra"]
[Source "ChessBase"]
[SourceDate "2007.07.04"]
[SourceVersion "1"]
[SourceVersionDate "2007.07.04"]
[SourceQuality "1"]

1. e4 e5 2. Nf3 Nc6 3. Bb5 d6 4. d4 Bd7 5. c3 a6 6. Bxc6 Bxc6 7. Nbd2 Nf6 8. 0-0 Be7 9. dxe5 dxe5 10. Nxe5 Bxe4 11. Qa4+ Bc6 12. Nxc6 bxc6 13. Qxc6+ Nd7 14. Nc4 0-0 15. Rd1 Ne5 16. Qa4 Nd3 17. Qc2 Bc5 18. Qxd3 Qf6 19. Be3 Rad8 20. Qc2 Bxe3 21. Nxe3 Rxd1+ 22. Rxd1 Qe6 23. Qa4 c5 24. Qc4 Qb6 25. b4 cxb4 26. cxb4 a5 27. b5 Qf6 28. a4 h6 29. Qc7 Qh4 30. Qxa5 Qe4 31. h3 Ra8 32. Rd8+ Rxd8 33. Qxd8+ Kh7 34. Qd1 g6 35. Qb3 Kg8 36. b6 Qc6 37. b7 Qc1+ 38. Nf1 Qc7 39. b8Q+ Qxb8 40. Qxb8+ 1-0

[Event "FRA-ch U18 Girls"]
[Site "Le Grand Bornand"]
[Date "2007.04.11"]
[Round "5"]
[White "Belloc, Sidonie"]
[Black "Swiercz, Sarah"]
[Result "1-0"]
[WhiteElo "1789"]
[BlackElo "1380"]
[PlyCount "91"]
[EventDate "2007.04.07"]
[EventType "swiss"]
[EventRounds "9"]
[EventCountry "FRA"]
[SourceTitle "CBM 118 Extra"]
[Source "ChessBase"]
[SourceDate "2007.07.04"]
[SourceVersion "1"]
[SourceVersionDate "2007.07.04"]
[SourceQuality "1"]

1. e4 e5 2. Nf3 Nc6 3. Bc4 Bc5 4. c3 Nf6 5. d3 h6 6. b4 Bb6 7. b5 Ne7 8. Nxe5 0-0 9. 0-0 d6 10. Nf3 Bg4 11. h3 Bh5 12. a4 c6 13. Ba3 c5 14. Nbd2 Ba5 15. Qc2 Bxf3 16. Nxf3 Ng6 17. Rad1 Nf4 18. Bc1 Ng6 19. Be3 Qe7 20. Rfe1 Ne5 21. Nxe5 Qxe5 22. Bd2 Bc7 23. f4 Qh5 24. Be3 Qg6 25. Qf2 b6 26. f5 Qh7 27. Bf4 Rac8 28. Bb3 Nh5 29. Bh2 Nf6 30. d4 h5 31. dxc5 dxc5 32. Bxc7 Rxc7 33. Qf4 Rcc8 34. e5 Ne8 35. e6 Nc7 36. exf7+ Kh8 37. Rd7 Ne8 38. fxe8Q Rcxe8 39. Rxe8 Rxe8 40. Rxa7 Rf8 41. Be6 h4 42. Rb7 Rd8 43. Rb8 Qh5 44. Rxd8+ Kh7 45. Bg8+ Kh8 46. Bf7+ 1-0